000 00831nam a2200205Ii 4500
003 JO-AjNU
008 230605s9999||||xx |||||||||||||| ||und||
020 _a9960-24-506-3
040 _aJO-AjNU
_bara
_erda
_cJO-AjNU
041 _aara
050 1 4 _aHF 5667 .A6912 2009
100 3 _aتأليف: ارينز،الفين /م.مشارك: جميس لوبك ؛ ترجمة: محمد محمد عبد القادر الديسطي ؛ مراجعة: احمد حامد حجاج,
_eauthor
_929574
245 0 0 _aالمراجعة: مدخل متكامل = Auditing: An Integrated Approach
264 3 1 _aالرياض: دار المريخ للنشر ، 2009
300 _a1064ص
336 _atext
_btxt
_2rdacontent
337 _aunmediated
_bn
_2rdamedia
338 _avolume
_bnc
_2rdacarrier
650 4 _aمراجعة الحسابات
_929575
999 _aA11618
_c15186
_d15186